000 01039nam0a22002651 4500
001 rc\4713827
005 20260407020556.0
021 _aRU
_b[67-9914]
035 _a(NLR Aleph) 008725765
090 _a9446076
_c9446076
100 _a20130416d1966 |||y0rusy50 ca
101 0 _arus
102 _aRU
105 _ay z |||||
200 1 _aПрофессиональная ориентация и консультация молодежи
_eСборник материалов
_f[Отв. ред. И.Н. Назимов]
_gМ-во просвещения УССР. Науч.-исслед. ин-т психологии
210 _aКиев
_cРад. школа
_d1966
215 _a163 с.
_d20
606 _aВыбор профессии
_jСборники
_2psbo
702 1 _aНазимов
_bИ.Н.
_gИгорь Николаевич
_4340
712 0 2 _aНИИ психологии
_cКиев
_3RU\NLR\AUTH\8810005407
_9508179
801 0 _aRU
_bNLR
_gpsbo
801 1 _aRU
_bELAR
_2rusmarc
852 _aNLR
_j67-3/1347
942 _cBOOK
980 _aNB